000 00323nam a22001337a 4500
008 170227b xxu||||| |||| 00| 0 eng d
020 _a9781285109220
041 _aeng
080 _210TH
_a577
100 _a5
101 _aSHMB
245 _aINTRODUCTION TO GENERAL, ORGANIC AND BIOCHEMISTRY
_cBETTELHEIM
942 _2udc
_cBK
999 _c6298
_d6298